| 000 | 01703cam a22003494a 4500 | ||
|---|---|---|---|
| 001 | 14235411 | ||
| 005 | 20210414113919.0 | ||
| 008 | 060119s2006 enka b 001 0 eng | ||
| 010 | _a 2006001915 | ||
| 020 | _a0749445106 | ||
| 020 | _a9780749445102 | ||
| 035 | _a(OCoLC)ocm63171072 | ||
| 040 |
_aDLC _cDLC _dBAKER _dC#P _dDLC |
||
| 042 | _apcc | ||
| 050 | 0 | 0 | _aHD61.M26 |
| 082 | 0 | 0 |
_a658.15/5 _222 |
| 245 | 0 | 0 |
_aManaging business risk :a practical guide to protecting your business / _cconsulting editor, Jonathan Reuvid. |
| 250 | _a3rd ed. | ||
| 260 |
_aLondon ; _aPhiladelphia : _bKogan Page, _c2006. |
||
| 300 |
_axxix, 317 p. : _bill. ; _c25 cm. |
||
| 504 | _aIncludes bibliographical references and indexes. | ||
| 505 | _aContents: Introduction -- Corporate strategy considerations -- Operation management issues -- Coping with crime and terrorism -- Corporate governance, control and accountability -- Legal considerations for the company and directors -- Containing financial risks and safeguarding systems and knowledge -- Employement and HR issues -- Appendix. | ||
| 650 | 0 | _aRisk management. | |
| 700 | 1 | _aReuvid, Jonathan. | |
| 710 | 2 | _aInstitute of Risk Management. | |
| 856 | 4 | 1 |
_3Table of contents only _uhttp://www.loc.gov/catdir/toc/ecip067/2006001915.html |
| 856 | 4 | 2 |
_3Publisher description _uhttp://www.loc.gov/catdir/enhancements/fy0715/2006001915-d.html |
| 856 | 4 | 2 |
_3Contributor biographical information _uhttp://www.loc.gov/catdir/enhancements/fy0915/2006001915-b.html |
| 906 |
_a7 _bcbc _corignew _d1 _eecip _f20 _gy-gencatlg |
||
| 942 |
_2lcc _cBK |
||
| 999 |
_c608 _d8108 |
||